000
00219nam a2200085Ia 4500
008
230915s9999 xx 000 0 und d
050
_a
SB171 .T73 I53 2008
245
0
_a
INDIGENOUS FRUIT TREES IN THE TROPICS
942
_c
BK
999
_c
201709
_d
201709